El árbol triste (Registro nro. 2201)
[ vista simple ]
| 000 - LÍDER | |
|---|---|
| campo de control de longitud fija | 01332nam a2200325Ia 4500 |
| 005 - FECHA Y HORA DE LA ÚLTIMA TRANSACCIÓN | |
| campo de control | 20210727153104.0 |
| 007 - DESCRIPCIÓN FÍSICA CAMPO FIJO - INFORMACIÓN GENERAL | |
| campo de control de longitud fija | ta |
| 008 - ELEMENTOS DE DATOS DE LONGITUD FIJA - INFORMACIÓN GENERAL | |
| campo de control de longitud fija | 121119s2011 c a g 000 j s |
| 020 ## - INTERNATIONAL STANDARD BOOK NUMBER | |
| International Standard Book Number | 9789587053401 |
| 040 ## - FUENTE DE CATALOGACIÓN | |
| Agencia de catalogación original | CO-BoRNBP |
| Lenguaje de catalogación | spa |
| Descripción convenciones | rda |
| Agencia de transcripción | CO-BoRNBP |
| 041 ## - CÓDIGO DE LENGUAJE | |
| Código de idioma de texto / pista de sonido o título separado | spa |
| 084 ## - OTRO NÚMERO DE CLASIFICACIÓN | |
| Número de clasificación | C ARC1 |
| 100 1# - ENTRADA PRINCIPAL - NOMBRE PERSONAL | |
| Nombre de la persona | Arciniegas, Triunfo |
| Fechas asociadas a un nombre | 1957- |
| 245 13 - TÍTULO DECLARACIÓN | |
| Título | El árbol triste |
| Declaración de responsabilidad | Triunfo Arciniegas ; ilustraciones de Diego Álvarez |
| 250 ## - DECLARACIÓN DE EDICIÓN | |
| Sentencia de edición | Primera edición |
| Resto de la declaración de la edición | Octaba reimpresión |
| 264 ## - AVISO DE PRODUCCIÓN, PUBLICACIÓN, DISTRIBUCIÓN, FABRICACIÓN Y DERECHOS DE AUTOR | |
| Lugar de producción | Bogotá |
| Nombre del productor | Ediciones SM |
| Fecha de producción | 2011 |
| -- | 2017 |
| 300 ## - DESCRIPCIÓN FÍSICA | |
| Alcance | 60 páginas |
| Otros datos físicos | [3] páginas de laminas, ilustraciones a color |
| Dimensiones | 19 cm. |
| 336 ## - TIPO DE CONTENIDO | |
| Tipo de contenido | texto |
| Código de tipo de contenido | txt |
| Fuente | rdacontent |
| 337 ## - TIPO DE MEDIO | |
| Término del tipo de medio | sin mediación |
| Código de tipo de medio | n |
| Fuente | rdamedia |
| 338 ## - TIPO DE PORTADOR | |
| Término del tipo de operador | volumen |
| Código de tipo de operador | nc |
| Fuente | rdacarrier |
| 490 ## - DECLARACIÓN EN SERIE | |
| Estado de cuenta de la serie | El Barco de Vapor |
| Designación de volumen y secuencia | Serie Blanca Primeros Lectores Volumen 21 |
| 500 ## - NOTA GENERAL | |
| Nota general | Incluye datos biográficos del autor |
| 650 14 - ENTRADA DE SUJETO AÑADIDO - TÉRMINO TÓPICO | |
| Fuente del título o término | LEMB |
| Término tópico o elemento de entrada del nombre geográfico | Cuentos infantiles colombianos |
| Subdivisión cronológica | Siglo XX |
| 650 14 - ENTRADA DE SUJETO AÑADIDO - TÉRMINO TÓPICO | |
| Fuente del título o término | LEMB |
| Término tópico o elemento de entrada del nombre geográfico | Literatura infantil colombiana |
| Subdivisión cronológica | Siglo XX |
| 650 14 - ENTRADA DE SUJETO AÑADIDO - TÉRMINO TÓPICO | |
| Fuente del título o término | LEMB |
| Término tópico o elemento de entrada del nombre geográfico | Árboles |
| Subdivisión de forma | Cuentos infantiles |
| 650 14 - ENTRADA DE SUJETO AÑADIDO - TÉRMINO TÓPICO | |
| Fuente del título o término | LEMB |
| Término tópico o elemento de entrada del nombre geográfico | Aves |
| Subdivisión de forma | Cuentos infantiles |
| 700 1# - ENTRADA AGREGADA - NOMBRE PERSONAL | |
| Nombre de la persona | Álvarez, Diego |
| Término del Relator | ilustrador |
| 830 ## - ENTRADA AGREGADA EN SERIE - TÍTULO UNIFORME | |
| Título uniforme | Colección de Fortalecimiento 2011 |
| Nombre de la parte/sección de una obra | Colección de Fortalecimiento del Ministerio de Cultura, Plan Nacional de Lectura y Escritura Leer es mi Cuento, Fortalecimiento 2011 |
| 9 (RLIN) | 10259 |
| 942 ## - ELEMENTOS DE ENTRADA AGREGADOS (KOHA) | |
| Fuente de clasificación o esquema de estanterías | |
| Tipo de artículo Koha | Literartura |
| Estado de retirada | Pérdida de estatus | Fuente de clasificación o esquema de estanterías | Estado dañado | No para préstamo | Código de recogida | Ubicación permanente | Ubicación actual | Ubicación de las estanterías | Fecha de adquisición | Fuente de adquisición | Total de Cajas | Número Topográfico | Código de barras | Precio efectivo desde | Número de copia | Fecha de la última vez que se vio | Tipo de artículo Koha |
|---|---|---|---|---|---|---|---|---|---|---|---|---|---|---|---|---|---|
| Dewey Decimal Classification | Infantil | Biblioteca Pública Municipal Abraham Ayala | Biblioteca Pública Municipal Abraham Ayala | Área Infantil | 10/10/2024 | MINISTERIO DE CULTURA | C ARC1 | PUE13 - 3365 | 10/10/2024 | Ej. 1 | 10/10/2024 | Literartura | |||||
| Dewey Decimal Classification | General | Biblioteca Pública Municipal Carlos Arturo Bolívar Guevara | Biblioteca Pública Municipal Carlos Arturo Bolívar Guevara | Área Infantil | 26/12/2023 | 863A674a | BEL03 - 3366 | 26/12/2023 | Ej: 1 | 26/12/2023 | Literartura | ||||||
| Dewey Decimal Classification | Infantil | Biblioteca Pública Municipal Isaías Naranjo Ríos | Biblioteca Pública Municipal Isaías Naranjo Ríos | Área Infantil | 03/10/2012 | Dotación ministerio de cultura | C ARC1 | API01 - 1729 | 09/10/2024 | Ej.1 | 09/10/2024 | Literartura | |||||
| Dewey Decimal Classification | Infantil | Biblioteca Pública Municipal José Eusebio Caro | Biblioteca Pública Municipal José Eusebio Caro | Área Infantil | 16/04/2024 | Biblioteca Nacional de Colombia BNC | C ARC1 | SANP16 - 2018 | 16/04/2024 | Ej.1 | 16/04/2024 | Literartura | |||||
| Dewey Decimal Classification | Infantil | Biblioteca Pública Municipal Juan XXIII | Biblioteca Pública Municipal Juan XXIII | Área Infantil | 10/07/2024 | Ministerio de cultura | C ARC1 | BAL02-3674 | 10/07/2024 | Ej.1 | 10/07/2024 | Literartura | |||||
| Dewey Decimal Classification | Biblioteca Pública Municipal León de Greiff | Biblioteca Pública Municipal León de Greiff | Área Infantil | 09/10/2024 | Ministerio de cultura | C ARC1 | MAR11 - 2327 | 09/10/2024 | Ej.1 | 09/10/2024 | Literartura | ||||||
| Dewey Decimal Classification | General | Biblioteca Pública Municipal Pública Municipal de Santuario | Biblioteca Pública Municipal Pública Municipal de Santuario | Área General | 20/05/2023 | Dotación MinCultura y BNC | C ARC1 | SANT18 - 2109 | 20/05/2023 | Ej. 1 | 20/05/2023 | Literartura | |||||
| Dewey Decimal Classification | Infantil | Biblioteca Pública Municipal de Guática | Biblioteca Pública Municipal de Guática | Área Infantil | 07/05/2025 | Dotacion Ministerio de Cultura | C ARC1 | GUA07-2926 | 07/05/2025 | Ej. 1 | 07/05/2025 | Literartura |